Research and Modelling in Civil Engineering 2017

Gespeichert in:
Bibliographische Detailangaben
Weitere Verfasser: Katzer, Jacek (Herausgegeben von), Cichocki, Krzysztof (Herausgegeben von), Golaszewski, Jacek (Rezension), Major, Izabela (Rezension)
Format: Buch
Sprache:Englisch
Veröffentlicht: Koszalin: Koszalin University of Technology Publishing House, 2017
Ausgabe:1. vyd.
Tags: Tag hinzufügen
Keine Tags, Fügen Sie das erste Tag hinzu!

MARC

LEADER 00000nam a22000003a 4500
001 0029665
003 SK-STU
005 20180117134104.5
007 ta
008 180109s ----xo-----e------000-0-----d
020 |a 978-83-7365-474-7 
022 |a 0239-7129 
040 |a STU  |b slo 
041 0 |a eng 
044 |a pl 
245 1 0 |a Research and Modelling in Civil Engineering 2017 
250 |a 1. vyd. 
260 |a Koszalin:  |b Koszalin University of Technology Publishing House,  |c 2017 
300 |a 156 s. 
700 1 |a Katzer, Jacek  |4 edt 
700 1 |a Cichocki, Krzysztof  |4 edt 
700 1 |a Golaszewski, Jacek  |4 rev 
700 1 |a Major, Izabela  |4 rev 
996 |b 284V040876  |c V* 52754/O-23911  |l VVT  |s A  |a 24  |w 0029665_0001